Piłkarze z listy FIFA 100 - Statystyki

Ogólne statystyki
  • Ten quiz został rozwiązany 257 razy
  • Średni wynik to 28 z 125
Statystyki odpowiedzi
Narodowość Zawodnik % Poprawnych
Ghana Abedi Pele
80%
-----"----- Ronaldo
79%
-----"----- Pele
77%
-----"----- Diego Armando Maradona
76%
Liberia George Weah
56%
Korea Południowa Hong Myung-bo
55%
Polska Zbigniew Boniek
54%
-----"----- Zinedine Zidane
54%
-----"----- Ronaldinho
53%
-----"----- Paolo Maldini
51%
Irlandia Północna George Best
49%
-----"----- Rivaldo
47%
Węgry Ferenc Puskas
45%
-----"----- Eusebio
44%
-----"----- Gerd Muller
44%
-----"----- Roberto Carlos
44%
-----"----- Marco van Basten
42%
-----"----- Pavel Nedved
42%
-----"----- Thierry Henry
42%
Nigeria Jay-Jay Okocha
41%
-----"----- Luis Figo
41%
-----"----- Ruud Gullit
39%
Ukraina Andriy Szewczenko
38%
-----"----- Franz Beckenbauer
38%
Rumunia Gheorge Hagi
37%
-----"----- Johan Cruyff
37%
Chorwacja Davor Suker
36%
-----"----- Peter Schmeichel
35%
Dania Brian Laudrup
34%
-----"----- Cafu
34%
-----"----- David Beckham
34%
-----"----- Michael Laudrup
34%
-----"----- Raul
34%
Irlandia Roy Keane
34%
-----"----- Gianluigi Buffon
33%
Bułgaria Christo Stoiczkow
32%
Japonia Hidetoshi Nakata
32%
-----"----- Michel Platini
32%
-----"----- Alfredo Di Stefano
31%
Meksyk Hugo Sanchez
31%
-----"----- Alessandro Del Piero
30%
-----"----- Javier Zanetti
30%
-----"----- Michael Owen
30%
-----"----- Alessandro Nesta
29%
-----"----- Romario
29%
-----"----- Socrates
29%
-----"----- Hernan Crespo
28%
-----"----- Juan Sebastian Veron
28%
-----"----- Franco Baresi
27%
-----"----- Marcel Desailly
26%
-----"----- Bobby Charlton
25%
-----"----- Gary Lineker
25%
-----"----- Lothar Matthaus
25%
-----"----- Oliver Kahn
25%
Włochy Roberto Baggio
25%
Brazylia Carlos Alberto
24%
-----"----- David Trezeguet
24%
Argentyna Gabriel Batistuta
23%
Szkocja Kenny Dalglish
23%
Portugalia Rui Costa
23%
Kolumbia Carlos Valderrama
22%
-----"----- Zico
22%
-----"----- Paolo Rossi
21%
-----"----- Patrick Kluivert
20%
-----"----- Christian Vieri
19%
Holandia Dennis Bergkamp
19%
-----"----- Emilio Butragueno
19%
-----"----- Alan Shearer
18%
-----"----- Clarence Seedorf
18%
-----"----- Patrick Vieira
18%
-----"----- Ruud van Nistelrooy
18%
Francja Eric Cantona
17%
-----"----- Frank Rijkaard
17%
Niemcy Michael Ballack
17%
-----"----- Robert Pires
17%
-----"----- Francesco Totti
16%
Kamerun Roger Milla
16%
-----"----- Edgar Davids
15%
-----"----- Jean-Pierre Papin
14%
-----"----- Lilian Thuram
14%
-----"----- Didier Deschamps
12%
-----"----- Dino Zoff
12%
-----"----- Mario Kempes
12%
-----"----- Karl-Heinz Rummenigge
11%
-----"----- Jurgen Klinsmann
9%
-----"----- Raymond Kopa
9%
-----"----- Ivan Zamorano
8%
Anglia Gordon Banks
7%
-----"----- Just Fontaine
7%
-----"----- Daniel Passarella
6%
Senegal El Hadji Diouf
6%
-----"----- Javier Saviola
6%
Czechy Josef Masopust
5%
Peru Teofilo Cubillas
5%
-----"----- Gianni Rivera
4%
Belgia Jan Ceulemans
4%
Stany Zjednoczone Mia Hamm
4%
-----"----- Rivelino
4%
-----"----- Sepp Maier
4%
-----"----- Djalma Santos
3%
Chile Elias Figueroa
3%
-----"----- Falcao
3%
-----"----- Jean-Marie Pfaff
3%
-----"----- Johan Neeskens
3%
-----"----- Kevin Keegan
3%
Hiszpania Luis Enrique
3%
-----"----- Nilton Santos
3%
-----"----- Omar Sivori
3%
-----"----- Paul Breitner
3%
-----"----- Uwe Seller
3%
-----"----- Emre Belozoglu
2%
Urugwaj Enzo Francescoli
2%
-----"----- Giacinto Facchetti
2%
-----"----- Marius Tresor
2%
-----"----- Rob Rensenbrink
2%
Turcja Rustu Recber
2%
-----"----- Franky van der Elst
1%
-----"----- Giampiero Boniperti
1%
-----"----- Giuseppe Bergomi
1%
-----"----- Junior
1%
-----"----- Michelle Akers
1%
Rosja Rinat Dasajew
1%
Paragwaj Romerito
1%
-----"----- Rene van de Kerkhof
0%
-----"----- Willy van de Kerkhof
0%
Nie znaleziono quizów pasujących do podanych kryteriów
Rozkład punktacji
Procent ludzi z każdym wynikiem
Percentyl według liczby udzielonych odpowiedzi
Twoja historia wyników
Nie rozwiązałeś tego quizu